01567nam a22001937a 450000500170000000800410001702000180005804000090007604100080008508200200009310000160011324500680012926000510019730000270024836500560027552009830033165000280131465000310134220251206100517.0220712b ||||| |||| 00| 0 eng d a9789351772071 cAloy aeng 223a158.1bKELA aJeff Keller aAttitude is everythingb: change your attitude change your life aGurgarmbHarper Collins Publishers Indiac2017 aviii,128pbPBc21x14cm 2Generala2697b159.00c₹d199.00e20%f08-07-2022 aIF YOU CAN DREAM IT, YOU CAN DO IT!Do you dread going to work? Do you feel tired, unhappy, weighed down? Have you given up on your dreams? The road to a happier, more successful life starts with your attitude--and your attitude is within your control.Whether your outlook is negative, positive or somewhere in between, Jeff Keller, motivational speaker and coach, will show you how to take control and unleash your hidden potential through three powerful steps:--THINK! Success begins in the mind. The power of attitude can change your destiny.--SPEAK! Watch your words. How you speak can propel you towards your goals.--ACT! Don't sit back. Take active steps to turn your dreams into reality.Soon, you will be energized and see new possibilities. You will be able to counter adversities and develop talents unique to you. Your relationships will improve, both at work and in your personal life. All you need is this step-by-step programme to change your attitude and your life! aPersonality Development aSuccess Begins in the mind